Primer Congreso de Educación Internacional, Integración y Desarrollo: Ponencias
Збережено в:
| Співавтор: | |
|---|---|
| Формат: | Книга |
| Мова: | Іспанська |
| Опубліковано: |
Santiago
USACH
1998
|
| Предмети: | |
| Теги: |
Додати тег
Немає тегів, Будьте першим, хто поставить тег для цього запису!
|
MARC
| LEADER | 00000nam a2200000 a 4500 | ||
|---|---|---|---|
| 001 | UCG1812 | ||
| 003 | CL-VaPUC | ||
| 005 | 20220315074421.0 | ||
| 008 | 100520e19980000cl 1 spa d | ||
| 082 | 0 | 4 | |a 370.116 |b UNI |2 21 |
| 110 | 2 | |a Universidad de Santiago de Chile |e author |9 621630 | |
| 245 | 1 | 0 | |a Primer Congreso de Educación Internacional, Integración y Desarrollo: Ponencias |
| 260 | |a Santiago |b USACH |c 1998 | ||
| 300 | |a 191 p | ||
| 583 | |a last modification |c 20190908 07:25:25 |k Rodrigo Vera | ||
| 650 | 0 | 0 | |a Integración escolar |9 312238 |
| 650 | 0 | 7 | |a EDUCACION INTERNACIONAL |2 CL-VaPUC |9 308760 |
| 650 | 0 | 0 | |a Educación superior |9 223851 |
| 650 | 0 | 0 | |a Política educacional |9 308011 |
| 650 | 0 | 0 | |a Congresos |9 257560 |
| 942 | |c BK | ||
| 945 | |a rbrito |d 20100520 00:00:00 | ||
| 546 | |a En Español | ||
| 536 | |a USACH | ||
| 518 | |p Congreso de Educación Internacional Integración y Desarrollo, 1, Santiago, 19 al 21 de junio de 1996 | ||
| 999 | |c 384555 |d 384553 | ||
| 952 | |0 0 |1 0 |4 0 |6 370_116000000000000_UNI_1998 |7 0 |8 P |9 507347 |a BIBEDU |b BIBEDU |c BIBEDU_PB |d 2020-01-23 |i 4677153 |o 370.116 UNI 1998 |p 4677153 |r 2024-01-25 |w 2020-01-23 |y BK |k EDI | ||